Nadstavené sny (zatiaľ) zostávajú v kabíne

Bibliographic Details
Main Authors: Antol, Miroslav (Author, Interviewer), Šatka, Ľubomír, 1995- (Author)
Format: Article
Language:Slovak
PhysicalDescription:Fotografia
ISSN:0139-7001
Subjects:

MARC

LEADER 00000nab a2200000 4500
001 vtls011745004
003 SK-MaSNL
005 20260303082351.0
008 180307|20180307xo d||| || ||00 0|slo
015 |a SNBRB2018/03 
038 |a DSZK 
040 |a DSZK  |b slo  |e rda 
041 0 |a slo 
043 |a e-xo--- 
044 |a xo  |c SK 
072 7 |a 796  |x Šport. Hry. Telesné cvičenia  |2 konspekt 
080 |a 796.332.071.2  |2 2011 
100 1 |a Antol, Miroslav  |4 ivr  |4 aut  |9 348245 
245 1 0 |a Nadstavené sny (zatiaľ) zostávajú v kabíne  |c Miroslav Antol, Ľubomír Šatka 
300 |b Fotografia 
336 |a text  |b txt  |2 rdacontent 
337 |a bez média  |b n  |2 rdamedia 
338 |a zväzok  |b nc  |2 rdacarrier 
600 1 7 |a Šatka, Ľubomír,  |d 1995-  |2 dszk  |9 1086270 
610 2 7 |a FK DAC 1904 Dunajská Streda  |2 dszk  |9 117991 
650 0 7 |a futbalisti  |2 SNKPH  |9 43771 
651 7 |a Dunajská Streda (Slovensko)  |2 SNKPHgeo  |9 17375 
700 1 |a Šatka, Ľubomír,  |d 1995-  |4 ive  |4 aut  |9 1086270 
773 0 |t Šport  |g Roč. 72, č. 55 (7.3.2018), s. 4  |x 0139-7001 
852 |a DSZK  |b KIS3GCP 
958 |a SK 
999 |c 1787699  |d 1789629